00350nam a2200121Ia 4500008004100000020001500041082001600056100001900072245002800091260007600119300002000195490001300215250529s9999 xx 000 0 und d a9991571671 a891.4894JAM aMohamed Jameel 0aJameeluge Mazumoonu 111 aMale'bDhivehi Bahaai Thaareekhah Khidhumaiykuraa Qaumee Marukazuc1994 a215 p. ; 22 cm. vMalas 50